| 000 | 00612nam a22001697a 4500 | ||
|---|---|---|---|
| 005 | 20251108172653.0 | ||
| 008 | 250721s2001 xx 000 0 ara d | ||
| 082 | 1 | 4 | _a324.256/مرك |
| 245 | 1 | 0 | _aالأحزاب العربية في النصف الثاني من القرن العشرين / |
| 264 | 1 |
_aعمان : _bمركز جنين للدراسات الإستراتيجية، _c2001. |
|
| 300 | _a97ص. | ||
| 650 | 1 | 7 | _aالأحزاب السياسية |
| 650 | 1 | 7 | _aالبلدان العربية |
| 710 | 2 | _aمركزجنين للدراسات الإستراتيجية | |
| 942 |
_2ddc _cBK |
||
| 999 |
_c85522 _d85522 |
||